<?xml version="1.0" encoding="UTF-8"?>
<record
    xmlns:xsi="http://www.w3.org/2001/XMLSchema-instance"
    xsi:schemaLocation="http://www.loc.gov/MARC21/slim http://www.loc.gov/standards/marcxml/schema/MARC21slim.xsd"
    xmlns="http://www.loc.gov/MARC21/slim">

  <leader>02858njm a2200481Ia 4500</leader>
  <controlfield tag="001">23839</controlfield>
  <controlfield tag="003">IT-RoPAU</controlfield>
  <controlfield tag="005">20220918181123.0</controlfield>
  <controlfield tag="008">131025s9999    xx            000 0 und d</controlfield>
  <datafield tag="040" ind1=" " ind2=" ">
    <subfield code="a">IT-RoPAU</subfield>
  </datafield>
  <datafield tag="040" ind1=" " ind2=" ">
    <subfield code="c">IT-RoPAU</subfield>
  </datafield>
  <datafield tag="999" ind1=" " ind2=" ">
    <subfield code="c">99985</subfield>
    <subfield code="d">99985</subfield>
  </datafield>
  <datafield tag="999" ind1=" " ind2=" ">
    <subfield code="b">n.d.</subfield>
  </datafield>
  <datafield tag="100" ind1=" " ind2=" ">
    <subfield code="a">AA.VV.</subfield>
    <subfield code="9">794</subfield>
  </datafield>
  <datafield tag="100" ind1=" " ind2=" ">
    <subfield code="e">Autore musica</subfield>
    <subfield code="9">6480</subfield>
  </datafield>
  <datafield tag="100" ind1=" " ind2=" ">
    <subfield code="g">Codice autore musica SPICS: 12000</subfield>
    <subfield code="9">796</subfield>
  </datafield>
  <datafield tag="245" ind1=" " ind2=" ">
    <subfield code="a">Great Film Themes From Many Lands (Lp Pfs 4021)</subfield>
  </datafield>
  <datafield tag="250" ind1=" " ind2=" ">
    <subfield code="a">1a ed.</subfield>
  </datafield>
  <datafield tag="260" ind1=" " ind2=" ">
    <subfield code="a">LONDON</subfield>
  </datafield>
  <datafield tag="260" ind1=" " ind2=" ">
    <subfield code="b">DECCA RECORD COMPANY</subfield>
    <subfield code="c">1962 [1a Ed.:1962]</subfield>
  </datafield>
  <datafield tag="300" ind1=" " ind2=" ">
    <subfield code="a">DISCO</subfield>
  </datafield>
  <datafield tag="500" ind1=" " ind2=" ">
    <subfield code="a">Musica da film. Colonna sonora di grandi film.</subfield>
  </datafield>
  <datafield tag="505" ind1=" " ind2=" ">
    <subfield code="a">La dolce vita - La strada - Ronde de l'amour (Love's Round About) - Forbidden Games - Theme From Black Orpheus (Carnival) - Never On Sunday - Theme From Saturday Night and Sunday - Adieu tristesse - Anna - Nadia's Theme - Scotland the Brave - The Rising of the Moon</subfield>
  </datafield>
  <datafield tag="650" ind1=" " ind2=" ">
    <subfield code="a">COLONNE SONORE [DISCHI]</subfield>
    <subfield code="e">Codice MATERIA SPICS: 9950</subfield>
    <subfield code="9">1905</subfield>
  </datafield>
  <datafield tag="700" ind1=" " ind2=" ">
    <subfield code="a">Rota Nino</subfield>
    <subfield code="d">Codice autore musica SPICS: 11128</subfield>
    <subfield code="e">Autore musica</subfield>
    <subfield code="p">La dolce vita - La strada - Nadia's Theme</subfield>
    <subfield code="9">6481</subfield>
  </datafield>
  <datafield tag="700" ind1=" " ind2=" ">
    <subfield code="a">Verde</subfield>
    <subfield code="d">Codice autore SPICS: 14028</subfield>
    <subfield code="e">Autore</subfield>
    <subfield code="p">La dolce vita</subfield>
    <subfield code="9">6482</subfield>
  </datafield>
  <datafield tag="700" ind1=" " ind2=" ">
    <subfield code="a">Vandyke</subfield>
    <subfield code="d">Codice autore testo/musica SPICS: 25274</subfield>
    <subfield code="e">Autore testo/musica</subfield>
    <subfield code="p">La dolce vita</subfield>
    <subfield code="9">6483</subfield>
  </datafield>
  <datafield tag="700" ind1=" " ind2=" ">
    <subfield code="a">Galdieri Michele</subfield>
    <subfield code="d">Codice autore SPICS: 13370</subfield>
    <subfield code="e">Autore</subfield>
    <subfield code="p">La strada</subfield>
    <subfield code="9">6484</subfield>
  </datafield>
  <datafield tag="700" ind1=" " ind2=" ">
    <subfield code="a">Strauss Johann Jr.</subfield>
    <subfield code="d">Codice autore musica SPICS: 11164</subfield>
    <subfield code="e">Autore musica</subfield>
    <subfield code="p">Ronde de l'amour (Love's Round About)</subfield>
    <subfield code="9">6485</subfield>
  </datafield>
  <datafield tag="700" ind1=" " ind2=" ">
    <subfield code="a">Purrell</subfield>
    <subfield code="d">Codice autore SPICS: 25275</subfield>
    <subfield code="e">Autore</subfield>
    <subfield code="p">Ronde de l'amour (Love's Round About)</subfield>
    <subfield code="9">6486</subfield>
  </datafield>
  <datafield tag="700" ind1=" " ind2=" ">
    <subfield code="a">Ducreux</subfield>
    <subfield code="d">Codice autore testo/musica SPICS: 25276</subfield>
    <subfield code="e">Autore testo/musica</subfield>
    <subfield code="p">Ronde de l'amour (Love's Round About)</subfield>
    <subfield code="9">6487</subfield>
  </datafield>
  <datafield tag="700" ind1=" " ind2=" ">
    <subfield code="a">Gomez</subfield>
    <subfield code="d">Codice autore musica SPICS: 13933</subfield>
    <subfield code="e">Autore musica</subfield>
    <subfield code="p">Forbidden Games</subfield>
    <subfield code="9">6488</subfield>
  </datafield>
  <datafield tag="700" ind1=" " ind2=" ">
    <subfield code="a">Bonfa</subfield>
    <subfield code="d">Codice autore musica SPICS: 13934</subfield>
    <subfield code="e">Autore musica</subfield>
    <subfield code="p">Theme From Black Orpheus (Carnival)</subfield>
    <subfield code="9">6489</subfield>
  </datafield>
  <datafield tag="700" ind1=" " ind2=" ">
    <subfield code="a">Hadjidakis</subfield>
    <subfield code="d">Codice autore musica SPICS: 13935</subfield>
    <subfield code="e">Autore musica</subfield>
    <subfield code="p">Never On Sunday</subfield>
    <subfield code="9">6490</subfield>
  </datafield>
  <datafield tag="700" ind1=" " ind2=" ">
    <subfield code="a">Towne</subfield>
    <subfield code="d">Codice autore SPICS: 16000</subfield>
    <subfield code="e">Autore</subfield>
    <subfield code="p">Never On Sunday</subfield>
    <subfield code="9">6491</subfield>
  </datafield>
  <datafield tag="700" ind1=" " ind2=" ">
    <subfield code="a">Dankworth</subfield>
    <subfield code="d">Codice autore musica SPICS: 13936</subfield>
    <subfield code="e">Autore musica</subfield>
    <subfield code="p">Theme From Saturday Night and Sunday</subfield>
    <subfield code="9">6492</subfield>
  </datafield>
  <datafield tag="700" ind1=" " ind2=" ">
    <subfield code="a">Jobim</subfield>
    <subfield code="d">Codice autore musica SPICS: 13937</subfield>
    <subfield code="e">Autore musica</subfield>
    <subfield code="p">Adieu tristesse</subfield>
    <subfield code="9">6493</subfield>
  </datafield>
  <datafield tag="700" ind1=" " ind2=" ">
    <subfield code="a">Roman R.</subfield>
    <subfield code="d">Codice autore musica SPICS: 13938</subfield>
    <subfield code="e">Autore musica</subfield>
    <subfield code="p">Anna</subfield>
    <subfield code="9">6494</subfield>
  </datafield>
  <datafield tag="700" ind1=" " ind2=" ">
    <subfield code="a">Godfrey John F.</subfield>
    <subfield code="d">Codice autore SPICS: 14659</subfield>
    <subfield code="e">Autore</subfield>
    <subfield code="p">Anna</subfield>
    <subfield code="9">6495</subfield>
  </datafield>
  <datafield tag="700" ind1=" " ind2=" ">
    <subfield code="a">Engvick William</subfield>
    <subfield code="d">Codice autore testo/musica SPICS: 15849</subfield>
    <subfield code="e">Autore testo/musica</subfield>
    <subfield code="p">Anna</subfield>
    <subfield code="9">6496</subfield>
  </datafield>
  <datafield tag="700" ind1=" " ind2=" ">
    <subfield code="a">Anonimo</subfield>
    <subfield code="d">Codice autore musica SPICS: 2620</subfield>
    <subfield code="e">Autore musica</subfield>
    <subfield code="p">Scotland the Brave - The Rising of the Moon</subfield>
    <subfield code="9">6497</subfield>
  </datafield>
  <datafield tag="700" ind1=" " ind2=" ">
    <subfield code="a">International Pop All Stars</subfield>
    <subfield code="d">Codice interprete SPICS: 13922</subfield>
    <subfield code="e">Interprete</subfield>
    <subfield code="9">6498</subfield>
  </datafield>
  <datafield tag="942" ind1=" " ind2=" ">
    <subfield code="c">MD</subfield>
    <subfield code="2">ddc</subfield>
  </datafield>
  <datafield tag="952" ind1=" " ind2=" ">
    <subfield code="0">0</subfield>
    <subfield code="1">0</subfield>
    <subfield code="4">0</subfield>
    <subfield code="6">23839_000000000000000</subfield>
    <subfield code="7">1</subfield>
    <subfield code="a">SPICS</subfield>
    <subfield code="b">SPICS</subfield>
    <subfield code="d">2013-10-25</subfield>
    <subfield code="l">0</subfield>
    <subfield code="o">23839</subfield>
    <subfield code="r">2013-10-25 00:00:00</subfield>
    <subfield code="w">2013-10-25</subfield>
    <subfield code="y">MD</subfield>
    <subfield code="z">Progr. Ins.: 4686 / N.Vol.: 1 / Copie: 1 - Copia rara: n.d. / date import: 01.01.2014 - By Epidotti, Trombetti, Vaglietti</subfield>
  </datafield>
</record>
